[Event "Open Bosnjaci"]
[Site "Bosnjaci"]
[Date "2017.01.08"]
[Round "8.3"]
[White "Plenca, Jadranko"]
[Black "Fercec, Nenad"]
[Result "1-0"]
[WhiteElo "2424"]
[BlackElo "2467"]
[PlyCount "97"]
[EventDate "2017.??.??"]
[WhiteClock "1:25:00"]
[BlackClock "1:30:00"]

1. e4 c5 2. Nf3 d6 3. Bb5+ Nd7 4. d4 cxd4 5. Qxd4 a6 6. Bxd7+ Bxd7 7. c4 Nf6 8.
Bg5 e6 9. Nc3 Be7 10. O-O O-O 11. Rfd1 Bc6 12. Qd3 h6 13. Bh4 Rc8 14. Nd4 Qa5
15. Rac1 Qh5 16. Bg3 Qg6 17. Nxc6 Rxc6 18. Bf4 Rfc8 19. b3 b5 20. cxb5 axb5 21.
Nxb5 Rxc1 22. Rxc1 Rxc1+ 23. Bxc1 d5 24. a4 dxe4 25. Qc4 Ng4 26. Nc3 f5 27. Bf4
Bg5 28. Ne2 Qf6 29. Bxg5 hxg5 30. Nd4 Kh7 31. h3 Nh6 32. a5 g4 33. hxg4 Nxg4
34. Qxe6 Qxd4 35. Qxf5+ Kg8 36. Qc8+ Kf7 37. Qxg4 Qa1+ 38. Kh2 Qxa5 39. Qxe4
Qh5+ 40. Kg3 Qg5+ 41. Qg4 Qd8 42. b4 g5 43. Qf5+ Kg7 44. b5 Kh6 45. Kh2 Qb6 46.
Kg1 Qd4 47. g3 Kh5 48. Kg2 Qb2 49. Qh7+ 1-0

[Event "Open Bosnjaci"]
[Site "Bosnjaci"]
[Date "2017.01.08"]
[Round "8.4"]
[White "Zufic, Miroslav"]
[Black "Leventic, Ivan"]
[Result "1/2-1/2"]
[WhiteElo "2382"]
[BlackElo "2424"]
[PlyCount "33"]
[EventDate "2017.??.??"]
[WhiteClock "1:30:00"]
[BlackClock "1:30:00"]

1. e4 e5 2. Nf3 Nf6 3. Nxe5 d6 4. Nf3 Nxe4 5. Nc3 Nxc3 6. dxc3 Be7 7. Be3 Nc6
8. Qd2 Ne5 9. Be2 O-O 10. O-O-O Ng4 11. Kb1 Bf6 12. Bd3 Nxe3 13. Qxe3 Qe7 14.
Qf4 Be5 15. Qe4 f5 16. Qe2 Be6 17. Rhe1 1/2-1/2

[Event "Open Bosnjaci"]
[Site "Bosnjaci"]
[Date "2017.01.08"]
[Round "8.5"]
[White "Dizdarevic, Emir"]
[Black "Levacic, Patrick"]
[Result "1-0"]
[WhiteElo "2463"]
[BlackElo "2291"]
[PlyCount "59"]
[EventDate "2017.??.??"]
[WhiteClock "1:30:00"]
[BlackClock "1:30:00"]

1. Nf3 Nf6 2. c4 g6 3. g3 Bg7 4. Bg2 O-O 5. O-O d6 6. d4 c6 7. Nc3 Qa5 8. Bd2
Qa6 9. b3 Nbd7 10. a4 Qb6 11. a5 Qc7 12. Qc1 Re8 13. Bh6 Bh8 14. h3 e5 15. Rd1
Nf8 16. Ra2 Bf5 17. dxe5 dxe5 18. Qe3 Qe7 19. g4 Bxg4 20. Bxf8 Qxf8 21. hxg4 e4
22. Nh2 Qb4 23. g5 Qxb3 24. Rb1 Qxc4 25. Ra4 Qe6 26. gxf6 Qxf6 27. Nxe4 Qe7 28.
Rab4 Rab8 29. Qxa7 f5 30. Rxb7 1-0

[Event "Open Bosnjaci"]
[Site "Bosnjaci"]
[Date "2017.01.08"]
[Round "8.6"]
[White "Babic, Zvonko"]
[Black "Plenkovic, Zdenko"]
[Result "0-1"]
[WhiteElo "2162"]
[BlackElo "2421"]
[PlyCount "58"]
[EventDate "2017.??.??"]
[WhiteClock "1:30:00"]
[BlackClock "1:30:00"]

1. d4 g6 2. Nf3 Bg7 3. c4 d6 4. Nc3 Nd7 5. g3 e6 6. Bg2 Ne7 7. O-O O-O 8. Qc2
b6 9. Bg5 h6 10. Bxe7 Qxe7 11. h4 c6 12. a4 a5 13. Rfd1 Ba6 14. b3 d5 15. Na2
Rac8 16. e4 dxc4 17. bxc4 c5 18. Bf1 cxd4 19. Nxd4 Bxc4 20. Bxc4 Ne5 21. Qb3
Rxc4 22. Rac1 Rfc8 23. Rxc4 Rxc4 24. Nb5 Qc5 25. Re1 Rc2 26. Rf1 Rb2 27. Qxb2
Nf3+ 28. Kg2 Bxb2 29. Kxf3 Qc4 0-1

[Event "Open Bosnjaci"]
[Site "Bosnjaci"]
[Date "2017.01.08"]
[Round "8.7"]
[White "Stocko, Josip"]
[Black "Trbojevic, Mladen"]
[Result "1-0"]
[WhiteElo "2300"]
[BlackElo "2380"]
[PlyCount "111"]
[EventDate "2017.??.??"]
[WhiteClock "1:30:00"]
[BlackClock "1:30:00"]

1. e4 e5 2. Nf3 Nc6 3. Bc4 Bc5 4. O-O Nf6 5. d3 d6 6. c3 O-O 7. Bb3 a5 8. a4
Be6 9. Bc2 d5 10. Nbd2 Re8 11. h3 h6 12. Re1 Qd7 13. Nh2 Ne7 14. Qf3 Ng6 15.
Ndf1 Nh7 16. Ng4 Ng5 17. Qg3 Bd6 18. h4 Bxg4 19. hxg5 h5 20. Ne3 dxe4 21. dxe4
Be6 22. Nf5 Ne7 23. Nxd6 cxd6 24. Be3 Qc7 25. Kh2 d5 26. exd5 Nxd5 27. Be4 Rad8
28. Kg1 g6 29. Bxd5 Rxd5 30. Bd4 Bd7 31. Re3 Qd8 32. Bxe5 Bc6 33. Bf6 Qd7 34.
Rxe8+ Qxe8 35. Bd4 Qd8 36. Bf6 Qe8 37. c4 Rd2 38. Bc3 Re2 39. Qf4 Qe4 40. Qb8+
Qe8 41. Qd6 Kh7 42. Qf6 Qf8 43. Rd1 Re6 44. Rd8 Re8 45. Rxe8 Bxe8 46. b3 Bc6
47. Bxa5 Qe8 48. Bc3 Qf8 49. a5 Be4 50. b4 Bd3 51. Qd4 Be2 52. b5 f6 53. Qd7+
Qg7 54. Qxg7+ Kxg7 55. a6 bxa6 56. b6 1-0

[Event "Open Bosnjaci"]
[Site "Bosnjaci"]
[Date "2017.01.08"]
[Round "8.8"]
[White "Ljikar, Zoran"]
[Black "Stankovic, Milos"]
[Result "0-1"]
[WhiteElo "2211"]
[BlackElo "2376"]
[PlyCount "70"]
[EventDate "2017.??.??"]
[WhiteClock "1:30:00"]
[BlackClock "1:30:00"]

1. e4 c5 2. Nf3 d6 3. d4 cxd4 4. Nxd4 Nf6 5. Nc3 Bd7 6. Bg5 Nc6 7. Qd2 Rc8 8.
f4 h6 9. Bxf6 gxf6 10. O-O-O a6 11. Be2 Nxd4 12. Qxd4 Qa5 13. Bf3 Qc5 14. Qd2
Bg7 15. Kb1 f5 16. e5 O-O 17. Rhe1 Be6 18. Bd5 dxe5 19. Bxe6 fxe6 20. fxe5 Qb6
21. Ne2 Bxe5 22. c3 Bg7 23. Ka1 Rfd8 24. Qf4 Rxd1+ 25. Rxd1 Rd8 26. Rxd8+ Qxd8
27. a3 Qd5 28. g4 Qd1+ 29. Nc1 fxg4 30. Kb1 Qf3 31. Qb8+ Kf7 32. Nb3 Qd5 33.
Ka2 Be5 34. Qc8 h5 35. c4 Qg2 0-1

[Event "Open Bosnjaci"]
[Site "Bosnjaci"]
[Date "2017.01.08"]
[Round "8.9"]
[White "Lazor, Vladimir"]
[Black "Colovic, Dusan"]
[Result "0-1"]
[WhiteElo "2200"]
[BlackElo "2370"]
[PlyCount "100"]
[EventDate "2017.??.??"]
[WhiteClock "1:22:00"]
[BlackClock "1:30:00"]

1. e4 d6 2. d4 g6 3. Be3 Bg7 4. Nc3 a6 5. Qd2 b5 6. f3 Bb7 7. h4 h6 8. O-O-O
Nd7 9. Nh3 e6 10. Qf2 Nb6 11. Bd3 Ne7 12. g4 b4 13. Ne2 d5 14. e5 Nc4 15. f4 c5
16. f5 gxf5 17. gxf5 Nxf5 18. Bxf5 exf5 19. Kb1 Bc8 20. Nef4 h5 21. Rhg1 Bf8
22. dxc5 Be6 23. Ng5 Qd7 24. Bd4 O-O-O 25. Qe2 Bh6 26. Nxh5 Bxg5 27. Rxg5 Qb5
28. Ka1 Rh6 29. Rdg1 Na5 30. Qxb5 axb5 31. b3 Nc6 32. c3 bxc3 33. Bxc3 d4 34.
Bd2 Nxe5 35. Rxf5 Rg6 36. Rff1 Rxg1 37. Rxg1 Nf3 38. Rd1 Rh8 39. Nf4 Rxh4 40.
Nxe6 fxe6 41. Ba5 Kd7 42. Rf1 Rh3 43. a4 bxa4 44. bxa4 e5 45. Rc1 Kc6 46. Bb4
e4 47. a5 d3 48. a6 d2 49. Rd1 e3 50. a7 Rh8 0-1

[Event "Open Bosnjaci"]
[Site "Bosnjaci"]
[Date "2017.01.08"]
[Round "8.10"]
[White "Mrkonjic, Nenad"]
[Black "Bobanac, Miro"]
[Result "1/2-1/2"]
[WhiteElo "2360"]
[BlackElo "2279"]
[PlyCount "111"]
[EventDate "2017.??.??"]
[WhiteClock "1:29:00"]
[BlackClock "1:30:00"]

1. d4 Nf6 2. c4 e5 3. dxe5 Ng4 4. Nf3 Nc6 5. e3 Ngxe5 6. Nxe5 Nxe5 7. Be2 Bb4+
8. Nd2 O-O 9. O-O d5 10. cxd5 Qxd5 11. Nf3 Qa5 12. Qd4 Ng6 13. Bd2 Bxd2 14.
Qxd2 Qxd2 15. Nxd2 Rd8 16. Rfd1 Be6 17. b3 Ne5 18. f4 Nd3 19. Bxd3 Rxd3 20. Nf1
Rad8 21. Rxd3 Rxd3 22. Rc1 c6 23. Kf2 Kf8 24. Ke2 Rd8 25. e4 f6 26. Nd2 Ke7 27.
Ke3 Kd6 28. Nf3 c5 29. Rd1+ Kc7 30. Rxd8 Kxd8 31. f5 Bf7 32. e5 fxe5 33. Ke4
Kc7 34. Nxe5 Bg8 35. g4 b5 36. g5 Kd6 37. Ng4 Bd5+ 38. Ke3 Bf7 39. f6 gxf6 40.
Nxf6 Bg6 41. h4 Ke6 42. h5 Bb1 43. Ne4 Bxa2 44. Nxc5+ Kf5 45. g6 hxg6 46. h6
Kf6 47. Ne4+ Kf7 48. Ng5+ Kg8 49. b4 Bb3 50. Kd4 Ba2 51. Ke5 Bb1 52. Kd6 Bd3
53. Kc5 Bc4 54. Kd4 Ba2 55. Ke4 Bb1+ 56. Kd4 1/2-1/2

[Event "Open Bosnjaci"]
[Site "Bosnjaci"]
[Date "2017.01.08"]
[Round "8.11"]
[White "Ascic, Pero"]
[Black "Tomulic, Teo"]
[Result "1-0"]
[WhiteElo "2310"]
[BlackElo "2209"]
[PlyCount "83"]
[EventDate "2017.??.??"]
[WhiteClock "1:30:00"]
[BlackClock "1:30:00"]

1. e4 c5 2. Nc3 e6 3. Nge2 a6 4. a4 Nc6 5. g3 Nf6 6. Bg2 g6 7. d4 cxd4 8. Nxd4
Qc7 9. O-O Bg7 10. Bf4 e5 11. Nd5 Nxd5 12. exd5 Na7 13. Bd2 exd4 14. Re1+ Kd8
15. Qe2 Qc5 16. b4 Qf8 17. b5 b6 18. d6 Rb8 19. Qc4 Nc6 20. bxc6 dxc6 21. Qxc6
Rb7 22. d7 Rxd7 23. Qxb6+ Rc7 24. Bf4 Qc5 25. Bxc7+ Qxc7 26. Qb3 Be6 27. Bd5
Bd7 28. Rab1 f5 29. Qb8+ Qxb8 30. Rxb8+ Kc7 31. Rxh8 Bxh8 32. Re7 Kd6 33. Rxh7
Bxa4 34. Bb3 Bxb3 35. cxb3 Bf6 36. Ra7 d3 37. Rxa6+ Kc5 38. Kf1 Bc3 39. Rxg6
Kb4 40. Rd6 d2 41. Ke2 Kxb3 42. Rxd2 1-0

[Event "Open Bosnjaci"]
[Site "Bosnjaci"]
[Date "2017.01.08"]
[Round "8.12"]
[White "Zovko, Mario"]
[Black "Berke, Ana"]
[Result "1-0"]
[WhiteElo "2309"]
[BlackElo "2195"]
[PlyCount "77"]
[EventDate "2017.??.??"]
[WhiteClock "1:30:00"]
[BlackClock "1:30:00"]

1. e4 c5 2. c3 Nf6 3. e5 Nd5 4. g3 e6 5. Bg2 Nc6 6. Nf3 d6 7. exd6 Bxd6 8. O-O
O-O 9. d4 cxd4 10. Nxd4 Nxd4 11. Qxd4 Qb6 12. Qxb6 Nxb6 13. Rd1 Be7 14. a4 e5
15. a5 Nc4 16. a6 Bg4 17. axb7 Rad8 18. Re1 Bc5 19. b3 Nd6 20. Ra5 Bb6 21.
Raxe5 Rb8 22. Ba3 f6 23. Bd5+ Kh8 24. Re7 Nb5 25. Bc1 g5 26. Be4 Nd6 27. Bg2
Bd8 28. R7e3 Bb6 29. Ba3 Bxe3 30. Bxd6 Bb6 31. h3 Bf5 32. g4 Bd3 33. Nd2 Rfd8
34. Bxb8 Rxb8 35. Nc4 Bc5 36. b4 Bf8 37. Na5 Ba6 38. Re6 Bd3 39. Rc6 1-0

[Event "Open Bosnjaci"]
[Site "Bosnjaci"]
[Date "2017.01.08"]
[Round "8.13"]
[White "Cvitan, Ena"]
[Black "Vajic, Goran"]
[Result "1-0"]
[WhiteElo "2139"]
[BlackElo "2310"]
[PlyCount "79"]
[EventDate "2017.??.??"]
[WhiteClock "1:24:00"]
[BlackClock "1:30:00"]

1. d4 Nf6 2. c4 g6 3. Nc3 Bg7 4. e4 d6 5. Nf3 O-O 6. Be2 Nc6 7. d5 Ne5 8. Nd4
c5 9. Nc2 b5 10. cxb5 a6 11. O-O axb5 12. Bxb5 Ba6 13. Bxa6 Rxa6 14. Qe2 Qa8
15. Na3 h5 16. Nab5 Qb7 17. a4 Ned7 18. Bf4 Nb6 19. Ra2 Rfa8 20. Rfa1 Nfd7 21.
Bg5 Ne5 22. a5 Nc8 23. h3 c4 24. Be3 e6 25. f4 Nd3 26. Ra4 Bxc3 27. Nxc3 Qxb2
28. Qxb2 Nxb2 29. Rb4 Nd3 30. Rxc4 Ne7 31. Rc7 Rc8 32. Rxe7 Kf8 33. Ra7 Rxa7
34. Bxa7 Rxc3 35. a6 Rc8 36. Be3 Ra8 37. a7 Ke7 38. dxe6 fxe6 39. e5 Nb4 40.
Rb1 1-0

[Event "Open Bosnjaci"]
[Site "Bosnjaci"]
[Date "2017.01.08"]
[Round "8.14"]
[White "Aleksic, Neven"]
[Black "Matko, Ognjen"]
[Result "1-0"]
[WhiteElo "2112"]
[BlackElo "2305"]
[PlyCount "123"]
[EventDate "2017.??.??"]
[WhiteClock "1:30:00"]
[BlackClock "1:30:00"]

1. d4 Nf6 2. c4 e6 3. Nf3 b6 4. g3 Bb7 5. Bg2 g6 6. O-O Bg7 7. Nc3 Ne4 8. Nxe4
Bxe4 9. Bg5 Qc8 10. Qd2 h6 11. Be3 Qb7 12. Rac1 d6 13. Ne1 Bxg2 14. Nxg2 Nd7
15. b4 Nf6 16. f3 d5 17. c5 b5 18. Bf4 Qc6 19. Be5 O-O 20. Nf4 a6 21. Nd3 Ra7
22. g4 Rfa8 23. g5 hxg5 24. Qxg5 Nh7 25. Qd2 f6 26. Bf4 a5 27. a3 axb4 28. axb4
Nf8 29. Kh1 Ra2 30. Rc2 Rxc2 31. Qxc2 Ra6 32. Qd2 Kh7 33. Rg1 Qd7 34. Qb2 Bh6
35. Bxh6 Kxh6 36. Ra1 Qc8 37. Ra5 Nd7 38. Qa3 Nb8 39. Qc1+ Kg7 40. Rxa6 Qxa6
41. Kg2 Qc8 42. Qf4 Nc6 43. e4 Qd7 44. e5 f5 45. h4 Qd8 46. Kf2 Qa8 47. h5 Qd8
48. hxg6 Qh8 49. Qg5 Qh2+ 50. Ke3 Qh6 51. Qxh6+ Kxh6 52. Nf4 Nd8 53. Kf2 Nc6
54. Nxe6 Kxg6 55. Nf4+ Kf7 56. Nxd5 Nxd4 57. Nxc7 Nc6 58. Nxb5 Nxb4 59. Ke3 Ke6
60. f4 Kd5 61. Nd4 Nc2+ 62. Nxc2 1-0

[Event "Open Bosnjaci"]
[Site "Bosnjaci"]
[Date "2017.01.08"]
[Round "8.15"]
[White "Erenda, Bruno"]
[Black "Pavic, Filip"]
[Result "0-1"]
[WhiteElo "2087"]
[BlackElo "2269"]
[PlyCount "72"]
[EventDate "2017.??.??"]
[WhiteClock "1:30:00"]
[BlackClock "1:30:00"]

1. d4 Nf6 2. c4 e6 3. Nf3 b6 4. Nbd2 Bb7 5. e3 Be7 6. Bd3 d5 7. O-O O-O 8. b3
Nbd7 9. Bb2 c5 10. Rc1 cxd4 11. exd4 Nh5 12. Re1 Nf4 13. Bf1 Rc8 14. g3 Ng6 15.
Bg2 dxc4 16. Nxc4 Nf6 17. a3 Rc7 18. Re2 Be4 19. Rd2 Qa8 20. Ne1 Rfc8 21. Ne5
Rxc1 22. Bxc1 Bxg2 23. Nxg2 Qe4 24. Bb2 Bd6 25. Ne3 Ne7 26. N3c4 Bb8 27. Qf3
Bxe5 28. Nxe5 Qe1+ 29. Kg2 Qxd2 30. Qb7 Qxb2 31. Qxe7 Qxd4 32. Qxf7+ Kh8 33. f4
Qe4+ 34. Kh3 Qf5+ 35. g4 Rc3+ 36. Kh4 g5+ 0-1

[Event "Open Bosnjaci"]
[Site "Bosnjaci"]
[Date "2017.01.08"]
[Round "8.16"]
[White "Boban, Sten"]
[Black "Medic, Mirjana"]
[Result "1/2-1/2"]
[WhiteElo "2063"]
[BlackElo "2147"]
[PlyCount "50"]
[EventDate "2017.??.??"]
[WhiteClock "1:30:00"]
[BlackClock "1:30:00"]

1. e4 e6 2. d4 d5 3. Nc3 Bb4 4. exd5 exd5 5. Bd3 Nf6 6. Qe2+ Qe7 7. Qxe7+ Bxe7
8. Nb5 Na6 9. Bf4 Bd8 10. Nf3 O-O 11. O-O Nh5 12. Bd2 Nf6 13. Rfe1 Be6 14. c3
h6 15. Re2 Nb8 16. Bf4 Ne8 17. Ne5 a6 18. Na3 Nf6 19. Rae1 Nbd7 20. Nb1 Nxe5
21. Bxe5 Nd7 22. Bg3 Nb6 23. Nd2 Rc8 24. h3 Na4 25. Nb3 Bd7 1/2-1/2

[Event "Open Bosnjaci"]
[Site "Bosnjaci"]
[Date "2017.01.08"]
[Round "8.17"]
[White "Blagojevic, Marijan"]
[Black "Kukic, Lora"]
[Result "1/2-1/2"]
[WhiteElo "2137"]
[BlackElo "2013"]
[PlyCount "25"]
[EventDate "2017.??.??"]
[WhiteClock "1:30:00"]
[BlackClock "1:30:00"]

1. d4 Nf6 2. c4 g6 3. Nc3 d5 4. cxd5 Nxd5 5. e4 Nxc3 6. bxc3 Bg7 7. Nf3 c5 8.
Rb1 O-O 9. Be2 cxd4 10. cxd4 Qa5+ 11. Qd2 Qxd2+ 12. Bxd2 Nc6 13. d5 1/2-1/2

[Event "Open Bosnjaci"]
[Site "Bosnjaci"]
[Date "2017.01.08"]
[Round "8.18"]
[White "Tomas, Ante"]
[Black "Jelic, Ivan"]
[Result "1/2-1/2"]
[WhiteElo "2115"]
[BlackElo "1943"]
[PlyCount "72"]
[EventDate "2017.??.??"]
[WhiteClock "1:30:00"]
[BlackClock "1:30:00"]

1. e4 e5 2. Nf3 Nc6 3. d4 exd4 4. Bc4 d6 5. Nxd4 h6 6. O-O g6 7. Nc3 Bg7 8. Be3
Nf6 9. h3 O-O 10. Qd2 Nxd4 11. Bxd4 a6 12. a4 Bd7 13. f4 Bc6 14. Rae1 Nh5 15.
Bxg7 Nxg7 16. f5 Kh7 17. Qf4 g5 18. Qg4 Ne8 19. Rd1 Nf6 20. Qf3 Qe7 21. Bd5
Bxd5 22. Nxd5 Nxd5 23. exd5 Qf6 24. c3 Rfe8 25. Rde1 Re5 26. Rxe5 Qxe5 27. Qd3
f6 28. Qd1 Re8 29. Qh5 Rg8 30. Qf7+ Rg7 31. Qe6 Re7 32. Qxe5 Rxe5 33. c4 Re2
34. Rf2 Re1+ 35. Rf1 Re2 36. Rf2 Re1+ 1/2-1/2

[Event "Open Bosnjaci"]
[Site "Bosnjaci"]
[Date "2017.01.08"]
[Round "8.19"]
[White "Slamar, Velimir"]
[Black "Kajic, Josip"]
[Result "1/2-1/2"]
[WhiteElo "2111"]
[BlackElo "1703"]
[PlyCount "54"]
[EventDate "2017.??.??"]
[WhiteClock "1:30:00"]
[BlackClock "1:30:00"]

1. d4 d5 2. Nf3 Nf6 3. g3 e6 4. Bg2 Be7 5. O-O O-O 6. c4 c6 7. Qc2 Nbd7 8. cxd5
exd5 9. Nc3 Re8 10. Bf4 Nf8 11. Ne5 N6d7 12. Nxd7 Bxd7 13. Rad1 Ng6 14. Bc1 Qc8
15. Rfe1 Bh3 16. Bh1 f5 17. e3 Bd6 18. Bg2 Bxg2 19. Kxg2 b5 20. Bd2 a5 21. Rc1
Qe6 22. Ne2 Rec8 23. f3 b4 24. Qd3 a4 25. Ng1 Qd7 26. e4 dxe4 27. fxe4 fxe4
1/2-1/2

[Event "Open Bosnjaci"]
[Site "Bosnjaci"]
[Date "2017.01.08"]
[Round "8.20"]
[White "Macanga, Branko"]
[Black "Abdil, Halil"]
[Result "1-0"]
[WhiteElo "1899"]
[BlackElo "2100"]
[PlyCount "81"]
[EventDate "2017.??.??"]
[WhiteClock "1:30:00"]
[BlackClock "1:30:00"]

1. Nf3 Nf6 2. c4 g6 3. g3 Bg7 4. Bg2 O-O 5. O-O d5 6. d4 dxc4 7. Ne5 c6 8. a4
Ng4 9. Nf3 e5 10. h3 e4 11. Ng5 Nf6 12. e3 Re8 13. h4 h6 14. Nh3 b5 15. axb5
cxb5 16. Na3 Qb6 17. Qc2 Bb7 18. Bd2 a5 19. Nb1 Nc6 20. Nf4 Nb4 21. Qd1 Nd3 22.
Nxd3 cxd3 23. Nc3 Bc6 24. b3 b4 25. Na4 Bxa4 26. Rxa4 Nd5 27. f3 f5 28. fxe4
fxe4 29. Qg4 h5 30. Qg5 Nc3 31. Bxc3 bxc3 32. Bxe4 Rxe4 33. Qd5+ Kh7 34. Qxe4
d2 35. Qc2 Qc7 36. Kh2 Re8 37. Rc4 Qd6 38. Rxc3 Bxd4 39. Rc6 Qd5 40. Qxg6+ Kh8
41. Qh6+ 1-0

[Event "Open Bosnjaci"]
[Site "Bosnjaci"]
[Date "2017.01.09"]
[Round "9.1"]
[White "Jovanovic, Zoran"]
[Black "Plenca, Jadranko"]
[Result "1-0"]
[WhiteElo "2526"]
[BlackElo "2424"]
[PlyCount "91"]
[EventDate "2017.??.??"]

1. e4 e5 2. Nf3 Nc6 3. Bb5 a6 4. Ba4 Nf6 5. O-O Be7 6. Bxc6 dxc6 7. d3 Nd7 8.
b3 O-O 9. Bb2 Bd6 10. Nbd2 Re8 11. Nc4 f6 12. Nh4 Nf8 13. Nf5 Ng6 14. Qf3 Bf8
15. Rad1 c5 16. g3 b5 17. Nce3 a5 18. a4 c6 19. Ra1 Be6 20. Qe2 Qc7 21. Bc3 Ra7
22. h4 Nf4 23. Qf3 g6 24. gxf4 gxf5 25. exf5 Bc8 26. fxe5 Rxe5 27. Bxe5 Qxe5
28. Kh1 Kh8 29. Rg1 Rd7 30. Rae1 Rd4 31. Ng4 Qxf5 32. Qxf5 Bxf5 33. Re8 Bxg4
34. Rxf8+ Kg7 35. Ra8 Kh6 36. Rxa5 c4 37. dxc4 bxc4 38. Rg3 Bd1 39. Rc3 Rxh4+
40. Kg2 cxb3 41. cxb3 Rg4+ 42. Kh2 Rh4+ 43. Rh3 Rxh3+ 44. Kxh3 Bxb3 45. Ra7 c5
46. a5 1-0

[Event "Open Bosnjaci"]
[Site "Bosnjaci"]
[Date "2017.01.09"]
[Round "9.2"]
[White "Colovic, Dusan"]
[Black "Kovacevic, Blazimir"]
[Result "0-1"]
[WhiteElo "2370"]
[BlackElo "2503"]
[PlyCount "62"]
[EventDate "2017.??.??"]

1. Nf3 c5 2. e4 g6 3. g3 Bg7 4. Bg2 Nc6 5. O-O e5 6. d3 Nge7 7. c3 O-O 8. a3 d6
9. b4 h6 10. Nbd2 Be6 11. Nb3 b6 12. Re1 Qd7 13. Nfd2 Rac8 14. b5 Nd8 15. c4 f5
16. a4 f4 17. a5 g5 18. axb6 axb6 19. Ra6 Rb8 20. f3 h5 21. Bb2 Ng6 22. Qe2 Nf7
23. Rea1 g4 24. Ra7 Rb7 25. Rxb7 Qxb7 26. fxg4 hxg4 27. Qd1 Bh6 28. gxf4 Nxf4
29. Nf1 Ng5 30. Bc1 Nf3+ 31. Bxf3 Nh3+ 0-1

[Event "Open Bosnjaci"]
[Site "Bosnjaci"]
[Date "2017.01.09"]
[Round "9.3"]
[White "Tica, Sven"]
[Black "Dizdarevic, Emir"]
[Result "1/2-1/2"]
[WhiteElo "2352"]
[BlackElo "2463"]
[PlyCount "31"]
[EventDate "2017.??.??"]

1. c4 g6 2. d4 Bg7 3. Nf3 e6 4. Nc3 Ne7 5. Bf4 d6 6. e3 O-O 7. Be2 Nbc6 8. h3
e5 9. dxe5 dxe5 10. Bh2 f6 11. Qxd8 Nxd8 12. Nd5 Nxd5 13. cxd5 c6 14. dxc6 Nxc6
15. Bc4+ Kh8 16. Ke2 1/2-1/2

[Event "Open Bosnjaci"]
[Site "Bosnjaci"]
[Date "2017.01.09"]
[Round "9.4"]
[White "Plenkovic, Zdenko"]
[Black "Zovko, Mario"]
[Result "1/2-1/2"]
[WhiteElo "2421"]
[BlackElo "2309"]
[PlyCount "153"]

1. g3 d5 2. Bg2 e5 3. d3 c6 4. Nf3 Bd6 5. O-O Ne7 6. e4 O-O 7. Nc3 a6 8. d4
exd4 9. Qxd4 dxe4 10. Nxe4 Bc7 11. Qc5 Nd5 12. c4 Bf5 13. Nh4 Nd7 14. Qa3 Bxe4
15. Bxe4 N5f6 16. Bg2 Ne5 17. Qb3 Qc8 18. Bg5 Bd8 19. Rad1 Ng6 20. Nf3 Rb8 21.
Qc2 h6 22. Bd2 Re8 23. Nd4 Ne7 24. Bc3 c5 25. Ne2 Ng6 26. b3 b5 27. Ba1 b4 28.
Nc1 Ne5 29. Nd3 Nxd3 30. Qxd3 Rb6 31. Qf3 Qe6 32. Rd3 Rd6 33. Re3 Qd7 34. Rxe8+
Qxe8 35. Qf5 Bb6 36. Qf4 Re6 37. Bh3 Re4 38. Qf5 Re6 39. Qd3 Re1 40. Qd6 Rxf1+
41. Bxf1 Qe6 42. Qb8+ Ne8 43. Be5 f6 44. Bf4 g5 45. Be3 Kg7 46. Bg2 Nc7 47. Qb7
Qd6 48. Bc6 Ba5 49. Be4 Qb6 50. Qc8 Qe6 51. Qxe6 Nxe6 52. Bb7 Bb6 53. Bxa6 Nd4
54. Kf1 f5 55. Bb7 Kf6 56. f3 Bc7 57. Bf2 Bd6 58. Ke1 h5 59. Kd2 f4 60. g4 h4
61. Kd3 Ke5 62. Be1 Bf8 63. Bd2 Be7 64. Bc1 Bf8 65. Bb2 Be7 66. Ba1 Bd8 67. Bb2
Bb6 68. h3 Ba7 69. a3 bxa3 70. Bc3 Bb6 71. Bd5 a2 72. b4 cxb4 73. Bb2 Bc5 74.
Bg8 Kd6 75. Bxd4 Bxd4 76. c5+ Bxc5 77. Bxa2 1/2-1/2

[Event "Open Bosnjaci"]
[Site "Bosnjaci"]
[Date "2017.01.09"]
[Round "9.5"]
[White "Rosic, Slavko S"]
[Black "Zufic, Miroslav"]
[Result "1/2-1/2"]
[WhiteElo "2239"]
[BlackElo "2382"]
[PlyCount "130"]
[EventDate "2017.??.??"]

1. e4 c5 2. Nf3 d6 3. d4 cxd4 4. Nxd4 Nf6 5. Nc3 a6 6. Bg5 e6 7. Qd2 Be7 8. Bd3
b5 9. a3 Bb7 10. h3 Nbd7 11. O-O O-O 12. Be3 Nc5 13. f3 Qc7 14. Nde2 Ncd7 15.
Bf4 Nb6 16. Kh1 Rfd8 17. Bh2 Rac8 18. Rfd1 e5 19. Ng3 g6 20. Re1 Nc4 21. Bxc4
Qxc4 22. Nf1 Bf8 23. Ne3 Qc7 24. Rad1 Bh6 25. Qd3 Bf4 26. Re2 Bxh2 27. Kxh2 Kg7
28. Qd2 h6 29. Ned5 Bxd5 30. Nxd5 Nxd5 31. Qxd5 Qb6 32. Red2 Rc5 33. Qb3 Rc4
34. Rd5 h5 35. Qd3 h4 36. Qd2 Rc6 37. c3 Re8 38. Qg5 Rh8 39. Qd2 Re8 40. Kh1
Re6 41. Kh2 Rf6 42. Qe1 Rf4 43. R5d3 Kf8 44. Qd2 Ke7 45. Rd5 Qc7 46. Qe3 Qb6
47. Qd3 Rf6 48. Qd2 Rf4 49. Rd3 Qc7 50. Qc2 Rf6 51. Qb3 Rc4 52. R1d2 Re6 53.
Qd1 Rc6 54. Qe1 g5 55. Qe3 Rg6 56. Rd5 Qb6 57. Qe1 Qc7 58. Rd1 Qb6 59. Qd2 Qc7
60. Qe1 Qb6 61. R5d3 Qc7 62. Ra1 Qb6 63. Qd2 Rc4 64. Rd5 Qc7 65. Rd1 Rc6
1/2-1/2

[Event "Open Bosnjaci"]
[Site "Bosnjaci"]
[Date "2017.01.09"]
[Round "9.6"]
[White "Stankovic, Milos"]
[Black "Ascic, Pero"]
[Result "1/2-1/2"]
[WhiteElo "2376"]
[BlackElo "2310"]
[PlyCount "28"]
[EventDate "2017.??.??"]

1. e4 e5 2. Nf3 Nc6 3. Bb5 a6 4. Ba4 Nf6 5. Qe2 Be7 6. O-O d6 7. Bxc6+ bxc6 8.
d4 exd4 9. Nxd4 Bd7 10. e5 dxe5 11. Qxe5 O-O 12. Nf5 Bxf5 13. Qxf5 Qd5 14. Qh3
Ne4 1/2-1/2

[Event "Open Bosnjaci"]
[Site "Bosnjaci"]
[Date "2017.01.09"]
[Round "9.7"]
[White "Fercec, Nenad"]
[Black "Stocko, Josip"]
[Result "0-1"]
[WhiteElo "2467"]
[BlackElo "2300"]
[PlyCount "38"]
[EventDate "2017.??.??"]

1. e4 c5 2. Nf3 d6 3. d4 cxd4 4. Nxd4 Nf6 5. Nc3 a6 6. h3 e6 7. Be3 b5 8. a3
Bb7 9. Bd3 Nbd7 10. Qd2 Rc8 11. O-O-O Nb6 12. Kb1 Be7 13. f3 O-O 14. Rhe1 Nfd7
15. Qf2 Rxc3 16. bxc3 d5 17. e5 Bxa3 18. g4 Na4 19. Qd2 Bb2 0-1

[Event "Open Bosnjaci"]
[Site "Bosnjaci"]
[Date "2017.01.09"]
[Round "9.8"]
[White "Leventic, Ivan"]
[Black "Cvitan, Ena"]
[Result "1-0"]
[WhiteElo "2424"]
[BlackElo "2139"]
[PlyCount "85"]
[EventDate "2017.??.??"]

1. e4 c6 2. Nc3 d5 3. Nf3 dxe4 4. Nxe4 Nf6 5. Qe2 Nxe4 6. Qxe4 Nd7 7. Bc4 Nf6
8. Ne5 e6 9. Qe2 Be7 10. c3 c5 11. Bb5+ Bd7 12. Nxd7 Nxd7 13. Qe4 a6 14. Be2
Qc7 15. Bf3 O-O-O 16. O-O g5 17. d4 h5 18. g3 h4 19. b4 cxd4 20. cxd4 Nf6 21.
Qd3 Nd5 22. Bd2 Qb6 23. b5 a5 24. Qc2+ Kb8 25. Qa4 Bb4 26. Bxg5 Rdg8 27. a3 Bc3
28. Bxd5 Rxg5 29. Bf3 hxg3 30. hxg3 Bxd4 31. Kg2 Rxb5 32. Rae1 Rb2 33. Re2 Rb1
34. Qxd4 Qxd4 35. Rxb1 b6 36. Reb2 Ka7 37. Rc2 Qe5 38. Rd1 Rb8 39. Rd7+ Ka6 40.
a4 b5 41. Rc6+ Rb6 42. Rxb6+ Kxb6 43. Rb7+ 1-0

[Event "Open Bosnjaci"]
[Site "Bosnjaci"]
[Date "2017.01.09"]
[Round "9.9"]
[White "Pavic, Filip"]
[Black "Mrkonjic, Nenad"]
[Result "1/2-1/2"]
[WhiteElo "2269"]
[BlackElo "2360"]
[PlyCount "110"]
[EventDate "2017.??.??"]

1. e4 c6 2. d4 d5 3. e5 Bf5 4. Nf3 e6 5. Be2 h6 6. O-O Nd7 7. a4 c5 8. c4 Ne7
9. Nc3 dxc4 10. d5 exd5 11. Nxd5 Nb6 12. Nxe7 Bxe7 13. a5 Qxd1 14. Rxd1 Nd7 15.
Bxc4 Be6 16. Bxe6 fxe6 17. Re1 Nb8 18. Nd2 Nc6 19. Nc4 O-O-O 20. Be3 Kc7 21.
Nd6 Bxd6 22. exd6+ Kxd6 23. Rad1+ Kc7 24. Bxc5 Nxa5 25. Bd4 Rhg8 26. Be5+ Kc8
27. Rxd8+ Kxd8 28. Bc3 Nc6 29. Rxe6 g6 30. h4 Kd7 31. Rf6 b5 32. Bd2 h5 33. Bf4
Ne7 34. Rd6+ Kc8 35. Bg5 Nf5 36. Rf6 Kb7 37. b4 Rg7 38. f3 Ne7 39. Bh6 Rh7 40.
Bf8 Nf5 41. Rxg6 Nxh4 42. Rg5 Kc6 43. Bc5 Rh6 44. Bxa7 Rg6 45. Rxg6+ Nxg6 46.
g3 Ne5 47. Kg2 Nd3 48. Kh3 Nxb4 49. Kh4 Nc2 50. Bb8 Kd5 51. Bf4 Nd4 52. Kxh5
Nxf3 53. g4 b4 54. Bc1 Ke4 55. g5 Nxg5 1/2-1/2